| 000 | 00416cam a2200181ua 4500 | ||
|---|---|---|---|
| 020 | _c2.40 | ||
| 041 |
_aeng _h |
||
| 082 |
_a824 _bJAG/OT |
||
| 100 | _aJagadisan, T N . | ||
| 245 |
_aOther harmony / _cT N Jagadisan. _hTextual Documents |
||
| 250 |
_a2 / _b. |
||
| 260 |
_aChennai : _bS.Viswanathan , _c1949. |
||
| 300 | _a163 ; . | ||
| 365 | _a2.40 | ||
| 504 | _a | ||
| 942 | _cBK | ||
| 999 |
_c7580 _d7580 |
||